000 00364nam a2200145Ia 4500
008 230312s9999||||xx |||||||||||||| ||und||
020 _a0-534-61962-2
082 _a791.4377
_bWRI-M
100 _aWright;Craig
245 0 _aMusic in Western Civilization
260 _bThomson
_aUSA
_c2006
300 _a832
650 _aMass com
_vMass Communication
942 _cBK
999 _c11475
_d11475